Obreros, campesinos, artesanos y madres: hacia un entendimiento de las interrelaciones de la clase trabajadora en las sociedades capitalistas periféricas /

محفوظ في:
التفاصيل البيبلوغرافية
المؤلف الرئيسي: Waterman, Peter
التنسيق: نص
الموضوعات:
الوسوم: إضافة وسم
لا توجد وسوم, كن أول من يضع وسما على هذه التسجيلة!

MARC

LEADER 00000 a a2200000 04500
001 44300
003
040
100 |a Waterman, Peter  
245 |a Obreros, campesinos, artesanos y madres:   |b hacia un entendimiento de las interrelaciones de la clase trabajadora en las sociedades capitalistas periféricas /  |c Peter Waterman  
650 |a TRABAJADORES  
650 |a PAISES EN DESARROLLO  
650 |a CAPITALISMO  
650 |a LUCHA DE CLASES  
773 |g volumen43, número1 ( , 1981), Páginas 63-104  
999 |c 28994  |d 28994